00875nam a2200145Ia 4500008004100000020001800041100008800059245017800147260002700325650001400352650020500366856004500571999001900616952009400635171212s9999 xx 000 0 und d a9780833076724 aBurger, Nicholas;Clancy, Noreen;Rana, Yashodhara;Rudavsky, Rena;Curtright, Aimee E. cBurger, Nicholas;Clancy, Noreen;Rana, Yashodhara;Rudavsky, Rena;Curtright, Aimee E.aOutcome Evaluation of U.S. Department of State Support for the Global Methane Initiative bRAND Corporationc2013 aChemistry aGreenhouse gas mitigation -- Government policy -- United States; Greenhouse gas mitigation -- United States -- Evaluation; Methane -- Environmental aspects; United States. Dept. of State -- Evaluation uwww.jstor.org/stable/10.7249/j.ctt3fh1nq c352388d352388 001040aCLbCLd2017-12-12l0oTD885.5.G73B87 2013r2017-12-12 00:00:00w2017-12-12yCBE